000 00872nam a22002297a 4500
999 _c12482
_d12482
003 AR-CdUCM
008 190409b ||||| |||| 00| 0 spa d
040 _aMUNICIPALIDAD PROVINCIAL DEL CUSCO
_cBIBLIOTECA MUNICIPAL DEL CUSCO
082 _24ed.
_aC / 985.61 /
_bP26
100 _aPardo, Luis A.
_925736
245 _aMachupicchu :
_buna joya arquitectónica de los incas /
260 _aCuzco :
_bBartolomé de las Casas,
_c2011.
300 _a154 páginas ;
_bIlustraciones,
_c23 cm.
505 _aContenido: Machupicchu -- Teoría sobre el origen de Machupicchu -- Huainapicchu ...
650 _aMachupicchu
_91751
650 _aHistoria
_9136
650 _aCiudad preincaica
_930340
710 _aLa sociedad pro cultura Clorinda Matto de Turner
_930341
710 _aInstituto americano de arte del Cusco
_930342
942 _2ddc
_cLIBROS
945 _aacv
_d2019-04-09